Historia de una reforma educativa : estudio múltiple de casos sobre la reforma experimental del tercer ciclo de E.G.B. [i.e. Educación General Básica] en Andalucía /

Tallennettuna:
Bibliografiset tiedot
Päätekijä: Pérez Gómez, Angel I. (autor)
Aineistotyyppi: Kirja
Kieli:espanja
Julkaistu: Sevilla, España : Díada, 2000, c2000
Painos:2a edición
Sarja:(Investigación y Enseñanza. Fundamentos ; 6)
Aiheet:
Tagit: Lisää tagi
Ei tageja, Lisää ensimmäinen tagi!

MARC

LEADER 00000nam^a2200000^a^4500
001 000187868
005 20250521000000.0
009 20260310102317.597
020 |a 84-87118-71-2 
037 |a Acervo ITESO - Biblioteca 
041 |a ESP 
082 |a 379. 468  |b PER 
100 |a Pérez Gómez, Angel I.  |e (autor) 
245 1 0 |a Historia de una reforma educativa :  |b estudio múltiple de casos sobre la reforma experimental del tercer ciclo de E.G.B. [i.e. Educación General Básica] en Andalucía /  |c A.I. Pérez Gómez. 
250 |a 2a edición 
264 4 |a Sevilla, España :  |b Díada,  |c 2000, c2000 
300 |a 219 p. 
336 |a texto  |b txt  |2 rdacontenido 
337 |a sin mediación  |b n  |2 rdamedio 
338 |a volumen  |b nc  |2 rdasoporte 
440 1 |a (Investigación y Enseñanza.  |p Fundamentos ;  |v 6) 
649 |a XX 
650 |a Práctica Educativa -  |z Andalucía, España 
650 |a Innovación Educativa -  |z Andalucía, España 
650 |a Reforma Educativa -  |z Andalucía, España 
650 |a Instituciones Educativas -  |z Andalucía, España 
650 |a Sistema Escolar -  |z Andalucía, España 
650 |a Política Educativa -  |z Andalucía, España 
650 |a Educación y Estado -  |z Andalucía, España 
650 |a Educación y Política -  |z Andalucía, España 
650 |a Educación Primaria -  |z Andalucía, España -  |x Historia -  |y 1982-1996 
650 |a Educación Primaria -  |z Andalucía, España -  |x Historia -  |y Juan Carlos I, 1975- 
650 |a Educación -  |z Andalucía, España -  |x Historia -  |y 1982-1996 
650 |a Educación -  |z Andalucía, España -  |x Historia -  |y Juan Carlos I, 1975- 
650 |a Educación -  |z España -  |x Historia -  |y 1982-1996 
650 |a Educación -  |z España -  |x Historia -  |y Juan Carlos I, 1975-2014 
910 |a Fondo General 
920 |a Impresos - Libros 
930 |a Colección General 
905 |a 101 
901 |a 0500129949  |b IT1  |c ACC  |u 20250521 
902 |a https://opac.biblio.iteso.mx/vufind/Record/000187868